00633nam a22001817a 450000500170000001000150001702000260003203500140005803700090007208200110008110000200009224500570011226000620016927001000023130000330033150000700036470000170043420240522125650.0 aENG-140473 c500.00a9789391255046 aEN-124005 bDBAD a615.82 dMoorthy, A. M.  aTheraupeutic Yoga/cBy A. M. Moorthy And P. Ramasamy bSree Balaji Medical College And Hospitalc2022aTamilnadu aBharath Institute Of Higher Education & Research (BIHER), Chromepet, ChennaibTamilnadue600044 aviii, 330p.c21cm(pbk)bill. aList Of Imp. Words, Meanings Of Prefixes And Suffixes, References aRamasamy, P.